Structure and evolution of the magellanic clouds (Record no. 7922)

MARC details
000 -LEADER
fixed length control field 00968nam a2200229Ia 4500
003 - CONTROL NUMBER IDENTIFIER
control field IN-BaIIA
008 - FIXED-LENGTH DATA ELEMENTS--GENERAL INFORMATION
fixed length control field 211028s9999 xx 000 0 eng d
020 ## - INTERNATIONAL STANDARD BOOK NUMBER
International Standard Book Number 90-277-1723-0
040 ## - CATALOGING SOURCE
Transcribing agency IIA Library
080 ## - UNIVERSAL DECIMAL CLASSIFICATION NUMBER
Universal Decimal Classification number 082.2:52
Item number IAU-S108
111 ## - MAIN ENTRY--MEETING NAME
Meeting name or jurisdiction name as entry element International Astronomical Union Symposium
Location of meeting Germany
Date of meeting or treaty signing 1983 Sept. 5-8
9 (RLIN) 13356
245 #0 - TITLE STATEMENT
Title Structure and evolution of the magellanic clouds
Remainder of title proceedings of the International Astronomical Union symposium No.108, held in Tubingen, West Germany, 5-8, September 1983
Statement of responsibility, etc. edited by Sidney Van Den Bergh and Klaas S. De Boer
260 ## - PUBLICATION, DISTRIBUTION, ETC.
Place of publication, distribution, etc. Dordrecht
Name of publisher, distributor, etc. D. Reidel Publishing
Date of publication, distribution, etc. 1984
300 ## - PHYSICAL DESCRIPTION
Extent xvii, 425p.
490 ## - SERIES STATEMENT
Series statement IAU Symposium; no. 108
650 ## - SUBJECT ADDED ENTRY--TOPICAL TERM
Topical term or geographic name entry element Astronomy and Astrophysics Thesaurus
650 ## - SUBJECT ADDED ENTRY--TOPICAL TERM
Topical term or geographic name entry element Magellanic clouds
9 (RLIN) 4110
700 ## - ADDED ENTRY--PERSONAL NAME
Personal name De Boer, Klaas S., ed.
9 (RLIN) 13357
700 ## - ADDED ENTRY--PERSONAL NAME
Personal name Van Den Bergh, Sidney, ed.
9 (RLIN) 13358
710 ## - ADDED ENTRY--CORPORATE NAME
Corporate name or jurisdiction name as entry element International Astronomical Union
942 ## - ADDED ENTRY ELEMENTS (KOHA)
Koha item type Books
Holdings
Withdrawn status Lost status Damaged status Not for loan Home library Current library Shelving location Date acquired Total Checkouts Full call number Barcode Date last seen Price effective from Koha item type
        IIA Library-Bangalore IIA Library-Bangalore General Stacks 14/07/1984   082.2:52/ IAU-S108 8745 05/11/2021 14/07/1984 Books

Powered by Koha